Estadísticas para Top 151 Twitch seguidores hispanohablantes

Haz click aquí para intentar la prueba.

Estadísticas generales

  • Esta prueba ha sido intentada 60 veces
  • La puntuación promedio es 37 de 151

Estadísticas de respuestas

SeguidoresStreamers% Correcto
9,980,000Ibai
100%
12,500,000AuronPlay
94%
11,700,000Rubius
94%
7,880,000Juansguarnizo
81%
9,800,000TheGrefg
81%
2,880,000ElXokas
77%
4,170,000Arigameplays
75%
1,790,000Illojuan
75%
4,060,000Elmariana
71%
3,470,000Coscu
65%
1,900,000Axozer
63%
2,520,000Biyin
63%
3,790,000ElSpreen
63%
2,980,000Alexby11
60%
776,000Rivers_GG
60%
1,120,000Xcry
60%
1,720,000Aroyitt
54%
2,890,000IamCristinini
54%
1,080,000Karchez
54%
5,010,000Elded
52%
2,190,000Luzu
52%
2,090,000Ampeterby7
48%
947,000Carola
48%
1,030,000Komanche
48%
2,100,000Perxitaa
48%
1,760,000Quackitytoo
48%
1,990,000Reborn Live
48%
1,340,000Mayichi
46%
1,000,000Spursito
44%
3,840,000Robleis
42%
3,880,000Slakun10
42%
500,000TvAnder
42%
1,270,000JaggerPrincesa
40%
2,770,000LolitoFDEZ
40%
1,850,000Carreraaa
38%
2,890,000Fernanfloo
38%
1,440,000FolagorLives
38%
1,160,000Lakshark Nia
38%
920,000Momoladinastia
38%
753,000Momonkunn
38%
1,730,000ByStaxx
35%
860,000Reventxz
35%
1,550,000Gemita
31%
2,470,000Staryuuki
31%
1,540,000TheDaniRep
31%
1,380,000xxxTheFocusxxx
31%
1,140,0008cho
29%
994,000AgenteMaxo
29%
2,100,000Barcagamer
29%
660,000ErnestBarbeQ
29%
2,360,000Lit Killah
29%
2,740,000Missasinfonia
29%
1,210,000Pipepunk
29%
1,700,000Vicens
29%
964,000AlexElCapo
27%
804,000Knekro
27%
1,880,000NimuTv
27%
1,330,000Wismichu
27%
1,160,000ElRichMC
25%
644,000Nilojeda
25%
744,000Orslok
25%
961,000DalasRewiew
23%
448,000Pato
23%
693,000Rickyedit
23%
586,000Shadoune666
23%
781,000ElMillor
21%
939,000FarfadoxVevo
21%
1,760,000RobertoCein
21%
404,000Tanizen
21%
1,720,000K1ng
19%
1,780,000PapoMC
19%
690,000Werlyb
19%
599,000Aldo_geo
17%
1,100,000ByTarifaa
17%
1,490,000MarkiLokurasy
17%
785,000Conterstine
15%
1,050,000Goncho
15%
1,010,000MrKeroro10
15%
422,000Revenant
15%
424,000WestCool
15%
1,450,000Beniju03
13%
902,000D3stri
13%
370,000Dukissj
13%
1,400,000LaChilenaBelu
13%
1,460,000Llobeti4
13%
1,790,000Markitonavaja
13%
545,000Nissaxter
13%
687,000Soypan
13%
676,000BlackElEspanolito
10%
672,000Ch14
10%
1,240,000DylanteroLive
10%
2,720,000Jelty
10%
685,000Kolderiu
10%
414,000LittleRagerGirl
10%
1,030,000Menostrece
10%
795,000Mixwell
10%
1,360,000Natalan
10%
977,000Peereira7
10%
1,340,000Pimpeano
10%
531,000Silithur
10%
1,110,000Zeko
10%
418,000AlphaSniper97
8%
387,000Deqiuv
8%
861,000DuendePablo
8%
1,480,000Elcanaldejoaco
8%
1,100,000MrStiventc
8%
1,060,000MYM_Alkapone
8%
1.060,000Sujagg
8%
429,000Th3Antonio
8%
862,000Coolifegame
6%
994,000Frankkaster
6%
358,000Hitboxking
6%
381,000Ijenz
6%
779,000MrSoki
6%
760,000Unicornio
6%
590,000Withzack
6%
518,000Zeling
6%
950,000Alliege
4%
998,000Brunenger
4%
801,000Caprimint
4%
463,000ElOjoNinja
4%
986,000Hastad
4%
365,000Jaidefinichon
4%
594,000Jcorko
4%
461,000Maau
4%
797,000Mateoz
4%
784,000Okyyy
4%
807,000Pgod
4%
397,000Rodsquare
4%
994,000Yolo
4%
667,000Zainita
4%
443,000Aquinoby2002
2%
579,000Blanchitoo
2%
364,000CristianGhost
2%
577,000Drigo
2%
556,000Grafo
2%
765,000Iaaras2
2%
368,000Luckraok
2%
395,000Mery_Soldier
2%
701,000Milan926_
2%
634,000Nakoo_FN
2%
545,000NikiTonyPongoTv
2%
447,000Pabellon_4
2%
438,000Rufusmda
2%
465,000Rustyk
2%
724,000Ryuk
2%
359,000Slick
2%
360,000Sneux
2%
571,000Tuli_acosta
2%
375,000Winghaven
2%
386,000X6Flipin
2%

Distribución de puntuación

Porcentaje por número respondido

Porcentaje de gente con cada puntuación

Historial de tus puntuaciones

No has intentado esta prueba.